000 00519nam a2200181Ia 4500
008 090124s9999 xx 000 0 und d
082 _b124295
100 _aमडकईकर भालचंद्र
245 _a गौडबंगाल
250 _a1
260 _c1990
300 _a157
600 _aमडकईकर भालचंद्र
630 _a गौडबंगाल
700 _aमडकईकर भालचंद्र
730 _a गौडबंगाल
942 _cBOOK
999 _c170382
_d170382